Vietnam the land and the people.

Enregistré dans:
Détails bibliographiques
Format: Livre
Publié: Thế giới 2000
Tags: Ajouter un tag
Pas de tags, Soyez le premier à ajouter un tag!
Thư viện lưu trữ: Mạng thư viện Đại học Đà Nẵng
LEADER 00472nam a2200205 a 4500
001 000029172
003 6123
005 20171030145630.0
008 171030s2000
040 |a LTT 
082 0 |a 320.1  |b Vi-L 
245 0 0 |a Vietnam the land and the people. 
260 |b Thế giới  |c 2000 
OWN |a LTT 
999 |a From the UDN01 
TYP |a Monograph 
TYP |a Printed language 
980 |a Mạng thư viện Đại học Đà Nẵng